| 000 | 00661aam a22002297a 4500 | ||
|---|---|---|---|
| 999 |
_c7256 _d7256 |
||
| 003 | OSt | ||
| 005 | 20191017165637.0 | ||
| 008 | 191017e201909 spc ||||||||| 000 0dcat|d | ||
| 017 |
_aDL B 18506-2019 _bBiblioteca de Catalunya |
||
| 020 | _a9788417214760 | ||
| 040 |
_aES-BaURL _bcat _cCDMR |
||
| 080 | _a32 | ||
| 100 | 1 | _aLançon, Philippe, | |
| 245 | 1 | 2 |
_aL'Esqueix de carn _c/ Philippe Lançon ; traducció de Joan Casas |
| 260 |
_aBarcelona : _bAngle _c2019 |
||
| 300 |
_a511 p. ; _c21 cm |
||
| 600 | 1 | 4 | _aLançon, Philippe |
| 630 | 0 | 4 | _aCharlie hebdo |
| 650 | 0 | 4 |
_aVíctimes del terrorisme _zFrança _zParís |
| 700 | 1 |
_aCasas, Joan, _d1950- |
|
| 942 | _cMON | ||